| 000 | 00843nam a2200265Ia 4500 | ||
|---|---|---|---|
| 001 | Para_3052 | ||
| 003 | CHAP | ||
| 008 | 220125s1961 xx 000 0 und d | ||
| 010 | _a201554 | ||
| 040 | _cCHAP | ||
| 090 | _aPA TESIS 285 | ||
| 100 |
_aRomero Cova, Sebastian _999550 |
||
| 245 |
_aThe influence of temperature, light and nutrients on formation and germination of Oospores of phytophthora infestans / _c Sebastian Romero Cova |
||
| 260 |
_aMorgantown, West Virginia : _b El autor |
||
| 300 | _a51 h. | ||
| 502 | _aTesis (M.Sc.) -- West Virginia University | ||
| 650 |
_aPhytophthora infestans Tizón tardío de la papa _9166477 |
||
| 901 | _aPA TESIS 285 | ||
| 902 | _aA | ||
| 905 | _a0000001961 MORa 0000000000 00 | ||
| 910 | _a1961 | ||
| 942 | _cPARA | ||
| 942 |
_cPARA _d1 |
||
| 999 |
_c201554 _d201554 |
||